00729cam a22002291a 450000100060000000300080000600500170001400800410003102000160007203500190008803500190010704000380012604100080016408200240017210000340019624500490023026000560027930000390033549000350037450400510040965100390046025120BD-RjUL20211209050832.0140316r19691965nyuab 001 0 eng d a03400001992 a(BD-RjUL)25189 a(OCoLC)1157769 aDLCcMeBdPPiUdDLCdBD-RjULbeng aeng00a914.20385bSAA 19691 aSampson, Anthony,d1926-2004.10aAnatomy of Britain today /cAnthony Sampson. aNew York :bHarper & Row,c c1965. [Reprinted 1969] axiv, 720 p. :bill., map ;c21 cm.0 aHarper colophon books ;vCN76Q aIncludes bibliographical references. and Index 0aGreat BritainxCivilizationy1945-